=LDR 00000nam 2200000 4500 =001 INLIS000000000046706 =005 20150425111003.0 =006 =007 =008 =035 ##$$0010-041500000000188 =082 ##$$a 028.5 =090 ##$$a 028.5 kam k =100 ##$$a kambini yudianto =245 ##$$a kumbang sang oetarung dan pembersih =260 ##$$a bestari =300 ##$$a 36 hlm. =850 ##$$a NPBMAT =990 ##$$a 0001/BPAP-NTB/20142015